<?xml version="1.0" encoding="UTF-8"?>
<record
    xmlns:xsi="http://www.w3.org/2001/XMLSchema-instance"
    xsi:schemaLocation="http://www.loc.gov/MARC21/slim http://www.loc.gov/standards/marcxml/schema/MARC21slim.xsd"
    xmlns="http://www.loc.gov/MARC21/slim">

  <leader>00566nam a22001577a 4500</leader>
  <controlfield tag="003">OSt</controlfield>
  <controlfield tag="005">20150912150250.0</controlfield>
  <controlfield tag="008">150912b        xxu||||| |||| 00| 0 eng d</controlfield>
  <datafield tag="040" ind1=" " ind2=" ">
    <subfield code="c">RUA</subfield>
  </datafield>
  <datafield tag="082" ind1=" " ind2=" ">
    <subfield code="a">AGR&#x200B;&#x200B; &#x179F;&#x179A; 1996 boo17 Or.1</subfield>
  </datafield>
  <datafield tag="100" ind1=" " ind2=" ">
    <subfield code="9">337</subfield>
    <subfield code="a">&#x179F;&#x179A; &#x178E;&#x1785;&#x17B6;&#x1793;&#x17CB;&#x200B; &#x1792;&#x17B8;</subfield>
    <subfield code="b">&#x179F;&#x179A; &#x1785;&#x17B6;&#x1793;&#x17CB;&#x1792;&#x17B8;</subfield>
  </datafield>
  <datafield tag="245" ind1=" " ind2=" ">
    <subfield code="a">The selling behaviour of the farmer in the kampong thom province, (&#x1791;&#x1784;&#x17D2;&#x179C;&#x17BE;&#x1793;&#x17C3;&#x1780;&#x17B6;&#x179A;&#x179B;&#x1780;&#x17CB; &#x1793;&#x17C5;&#x179F;&#x17D2;&#x179A;&#x17BB;&#x1780;&#x1780;&#x17C6;&#x1796;&#x1784;&#x17CB;&#x1792;&#x17C6;)</subfield>
  </datafield>
  <datafield tag="260" ind1=" " ind2=" ">
    <subfield code="a">phnom phen.</subfield>
    <subfield code="b">RUA.</subfield>
    <subfield code="c">1996.</subfield>
  </datafield>
  <datafield tag="300" ind1=" " ind2=" ">
    <subfield code="a">67p.</subfield>
    <subfield code="b">ill.</subfield>
    <subfield code="c">29cm.</subfield>
  </datafield>
  <datafield tag="942" ind1=" " ind2=" ">
    <subfield code="2">ddc</subfield>
    <subfield code="c">AGR</subfield>
  </datafield>
  <datafield tag="999" ind1=" " ind2=" ">
    <subfield code="c">315</subfield>
    <subfield code="d">315</subfield>
  </datafield>
  <datafield tag="952" ind1=" " ind2=" ">
    <subfield code="0">0</subfield>
    <subfield code="1">0</subfield>
    <subfield code="2">ddc</subfield>
    <subfield code="4">0</subfield>
    <subfield code="6">AGR__&#x179F;&#x179A;_1996_000000000000000_BOO17_OR_1</subfield>
    <subfield code="7">0</subfield>
    <subfield code="9">1443</subfield>
    <subfield code="a">LBB</subfield>
    <subfield code="b">LBB</subfield>
    <subfield code="c">B017</subfield>
    <subfield code="d">2015-09-12</subfield>
    <subfield code="o">AGR&#x200B;&#x200B; &#x179F;&#x179A; 1996 boo17 Or.1</subfield>
    <subfield code="p">RUA003893</subfield>
    <subfield code="r">2015-09-12</subfield>
    <subfield code="w">2015-09-12</subfield>
    <subfield code="y">AGR</subfield>
  </datafield>
  <datafield tag="952" ind1=" " ind2=" ">
    <subfield code="0">0</subfield>
    <subfield code="1">0</subfield>
    <subfield code="2">ddc</subfield>
    <subfield code="4">0</subfield>
    <subfield code="6">AGR__&#x179F;&#x179A;_1996_000000000000000_BOO17_OR_2</subfield>
    <subfield code="7">0</subfield>
    <subfield code="9">1444</subfield>
    <subfield code="a">LBB</subfield>
    <subfield code="b">LBB</subfield>
    <subfield code="c">B017</subfield>
    <subfield code="d">2015-09-12</subfield>
    <subfield code="o">AGR&#x200B;&#x200B; &#x179F;&#x179A; 1996 boo17 Or.2</subfield>
    <subfield code="p">RUA003391</subfield>
    <subfield code="r">2015-09-12</subfield>
    <subfield code="w">2015-09-12</subfield>
    <subfield code="y">AGR</subfield>
  </datafield>
  <datafield tag="952" ind1=" " ind2=" ">
    <subfield code="0">0</subfield>
    <subfield code="1">0</subfield>
    <subfield code="2">ddc</subfield>
    <subfield code="4">0</subfield>
    <subfield code="6">AGR__&#x179F;&#x179A;_1996_000000000000000_BOO17_OR_3</subfield>
    <subfield code="7">0</subfield>
    <subfield code="9">1445</subfield>
    <subfield code="a">LBB</subfield>
    <subfield code="b">LBB</subfield>
    <subfield code="c">B017</subfield>
    <subfield code="d">2015-09-12</subfield>
    <subfield code="o">AGR&#x200B;&#x200B; &#x179F;&#x179A; 1996 boo17 Or.3</subfield>
    <subfield code="p">RUA003750</subfield>
    <subfield code="r">2015-09-12</subfield>
    <subfield code="w">2015-09-12</subfield>
    <subfield code="y">AGR</subfield>
  </datafield>
  <datafield tag="952" ind1=" " ind2=" ">
    <subfield code="0">0</subfield>
    <subfield code="1">0</subfield>
    <subfield code="2">ddc</subfield>
    <subfield code="4">0</subfield>
    <subfield code="6">AGR__&#x179F;&#x179A;_1996_000000000000000_BOO17_OR_4</subfield>
    <subfield code="7">0</subfield>
    <subfield code="9">1446</subfield>
    <subfield code="a">LBB</subfield>
    <subfield code="b">LBB</subfield>
    <subfield code="c">B017</subfield>
    <subfield code="d">2015-09-12</subfield>
    <subfield code="o">AGR&#x200B;&#x200B; &#x179F;&#x179A; 1996 boo17 Or.4</subfield>
    <subfield code="p">RUA003612</subfield>
    <subfield code="r">2015-09-12</subfield>
    <subfield code="w">2015-09-12</subfield>
    <subfield code="y">AGR</subfield>
  </datafield>
  <datafield tag="952" ind1=" " ind2=" ">
    <subfield code="0">0</subfield>
    <subfield code="1">0</subfield>
    <subfield code="2">ddc</subfield>
    <subfield code="4">0</subfield>
    <subfield code="6">AGR__&#x179F;&#x179A;_1996_000000000000000_BOO17_OR_5</subfield>
    <subfield code="7">0</subfield>
    <subfield code="9">1447</subfield>
    <subfield code="a">LBB</subfield>
    <subfield code="b">LBB</subfield>
    <subfield code="c">B017</subfield>
    <subfield code="d">2015-09-12</subfield>
    <subfield code="o">AGR&#x200B;&#x200B; &#x179F;&#x179A; 1996 boo17 Or.5</subfield>
    <subfield code="p">RUA004177</subfield>
    <subfield code="r">2015-09-12</subfield>
    <subfield code="w">2015-09-12</subfield>
    <subfield code="y">AGR</subfield>
  </datafield>
  <datafield tag="952" ind1=" " ind2=" ">
    <subfield code="0">0</subfield>
    <subfield code="1">0</subfield>
    <subfield code="2">ddc</subfield>
    <subfield code="4">0</subfield>
    <subfield code="6">AGR__&#x179F;&#x179A;_1996_000000000000000_BOO17_OR_6</subfield>
    <subfield code="7">0</subfield>
    <subfield code="9">1448</subfield>
    <subfield code="a">LBB</subfield>
    <subfield code="b">LBB</subfield>
    <subfield code="c">B017</subfield>
    <subfield code="d">2015-09-12</subfield>
    <subfield code="o">AGR&#x200B;&#x200B; &#x179F;&#x179A; 1996 boo17 Or.6</subfield>
    <subfield code="p">RUA004321</subfield>
    <subfield code="r">2015-09-12</subfield>
    <subfield code="w">2015-09-12</subfield>
    <subfield code="y">AGR</subfield>
  </datafield>
  <datafield tag="952" ind1=" " ind2=" ">
    <subfield code="0">0</subfield>
    <subfield code="1">0</subfield>
    <subfield code="2">ddc</subfield>
    <subfield code="4">0</subfield>
    <subfield code="6">AGR__&#x179F;&#x179A;_1996_000000000000000_BOO17_OR_7</subfield>
    <subfield code="7">0</subfield>
    <subfield code="9">1449</subfield>
    <subfield code="a">LBB</subfield>
    <subfield code="b">LBB</subfield>
    <subfield code="c">B017</subfield>
    <subfield code="d">2015-09-12</subfield>
    <subfield code="o">AGR&#x200B;&#x200B; &#x179F;&#x179A; 1996 boo17 Or.7</subfield>
    <subfield code="p">RUA004248</subfield>
    <subfield code="r">2015-09-12</subfield>
    <subfield code="w">2015-09-12</subfield>
    <subfield code="y">AGR</subfield>
  </datafield>
  <datafield tag="952" ind1=" " ind2=" ">
    <subfield code="0">0</subfield>
    <subfield code="1">0</subfield>
    <subfield code="2">ddc</subfield>
    <subfield code="4">0</subfield>
    <subfield code="6">AGR__&#x179F;&#x179A;_1996_000000000000000_BOO17_OR_8</subfield>
    <subfield code="7">0</subfield>
    <subfield code="9">1450</subfield>
    <subfield code="a">LBB</subfield>
    <subfield code="b">LBB</subfield>
    <subfield code="c">B017</subfield>
    <subfield code="d">2015-09-12</subfield>
    <subfield code="o">AGR&#x200B;&#x200B; &#x179F;&#x179A; 1996 boo17 Or.8</subfield>
    <subfield code="p">RUA004105</subfield>
    <subfield code="r">2015-09-12</subfield>
    <subfield code="w">2015-09-12</subfield>
    <subfield code="y">AGR</subfield>
  </datafield>
  <datafield tag="952" ind1=" " ind2=" ">
    <subfield code="0">0</subfield>
    <subfield code="1">0</subfield>
    <subfield code="2">ddc</subfield>
    <subfield code="4">0</subfield>
    <subfield code="6">AGR__&#x179F;&#x179A;_1996_000000000000000_BOO17_OR_9</subfield>
    <subfield code="7">0</subfield>
    <subfield code="9">1451</subfield>
    <subfield code="a">LBB</subfield>
    <subfield code="b">LBB</subfield>
    <subfield code="c">B017</subfield>
    <subfield code="d">2015-09-12</subfield>
    <subfield code="o">AGR&#x200B;&#x200B; &#x179F;&#x179A; 1996 boo17 Or.9</subfield>
    <subfield code="p">RUA004026</subfield>
    <subfield code="r">2015-09-12</subfield>
    <subfield code="w">2015-09-12</subfield>
    <subfield code="y">AGR</subfield>
  </datafield>
</record>
